000 00593nam a2200241 a 4500
001 nice12345678
003 IN_TiNIC
005 20260116011810.0
008 050524s1312 teha grp 000 0 per
020 _a
_c100
082 0 0 _a500.80297
_bWMA
100 _aWizarat-E-Maarif-O-, Awkhaaf
245 _aKitab Panjum Ibtedai.
260 _aTehran
_bMatba Majlis
_c1312
300 _a401p
500 _aincludes index and biblioraphy
505 2 _aIndex
650 _aIslam and Science
700 1 _aWizarat-E-Maarif-O-, Awkhaaf
902 _bSRS
942 _cBK
999 _c4054
_d4054